[Event "Ulaanbaatar Mica op"]
[Site "Ulaanbaatar"]
[Date "2022.06.19"]
[Round "5"]
[White "Badmaa, Erdenebileg"]
[Black "Demchig, Natsag"]
[Result "1-0"]
[WhiteElo "1084"]
[BlackElo "1502"]
[PlyCount "51"]
[EventDate "2022.06.17"]
[EventType "swiss"]
[EventRounds "9"]
[EventCountry "MGL"]
[SourceTitle "EXT 2023"]
[Source "ChessBase"]
[SourceDate "2022.10.05"]
[SourceVersion "1"]
[SourceVersionDate "2022.10.05"]
[SourceQuality "1"]

1. d4 d5 2. Nc3 Nf6 3. Bg5 e6 4. e4 dxe4 5. Nxe4 Be7 6. Bxf6 Bxf6 7. Nf3 0-0 8. c3 b6 9. Bd3 Bb7 10. Qc2 h6 11. 0-0-0 Be7 12. h4 Qd5 13. Kb1 a5 14. g4 f5 15. gxf5 exf5 16. Ned2 Kh8 17. Ne5 Qd6 18. Rhg1 Nd7 19. Ng6+ Kg8 20. Nxf8 Rxf8 21. Bxf5 Nf6 22. Nc4 Qf4 23. Ne5 Bd5 24. Rxg7+ Kxg7 25. Rg1+ Kh8 26. Ng6+ 1-0